[Event "Rewal 2011 - Open B"]
[Site "Rewal"]
[Date "2011.08.26"]
[Round "7.12"]
[White "Stankowski, Aleksander"]
[Black "Bes, Michal"]
[Result "1/2-1/2"]
[WhiteElo "1863"]
[BlackElo "1906"]
[EventDate "2011.??.??"]
[PlyCount "130"]

1.Nf3 d5 2.g3 c5 3.Bg2 Nc6 4.O-O Nf6 5.d3 e5 6.e4 Be7 7.Nc3 d4 8.Ne2 O-O 
9.Nh4 Ne8 10.Nf5 Bxf5 11.exf5 Nd6 12.g4 Bg5 13.f4 exf4 14.Nxf4 Re8 15.Nh5 
Be3+ 16.Bxe3 dxe3 17.Re1 Qg5 18.Bxc6 bxc6 19.Qf3 Rab8 20.Rab1 c4 21.Ng3 
cxd3 22.cxd3 Qf6 23.Qxc6 Qd4 24.Qf3 Qxd3 25.Rbd1 Qa6 26.Qf4 Nc4 27.b3 Ne5 
28.Rxe3 Qb6 29.Kf1 Qb5+ 30.Ne2 Rbc8 31.h3 f6 32.a4 Qa6 33.g5 fxg5 34.Qxg5 
Nf3 35.Qf4 Rxe3 36.Qxe3 Qb7 37.Rd3 Nh4 38.Qg5 Qe4 39.Rd8+ Rxd8 40.Qxd8+ 
Kf7 41.Qc7+ Kf6 42.Qd6+ Kf7 43.Qd7+ Kf6 44.Qd4+ Qxd4 45.Nxd4 Ke5 46.Nc6+ 
Kd6 47.Nxa7 Kc5 48.f6 gxf6 49.a5 Nf3 50.Nc8 Nd2+ 51.Ke2 Nxb3 52.a6 Kc6 53.
Ne7+ Kb6 54.Nd5+ Kxa6 55.Nxf6 Kb6 56.Nxh7 Kc6 57.Kf3 Kd6 58.h4 Ke7 59.Kf4 
Kf7 60.Ng5+ Kg6 61.Kg4 Nd4 62.h5+ Kh6 63.Nf7+ Kg7 64.Nd6 Kh6 65.Kh4 Nf3+ 
1/2-1/2

[Event "Rewal 2011 - Open B"]
[Site "Rewal"]
[Date "2011.08.26"]
[Round "7.13"]
[White "Szostko, Jakub"]
[Black "Sliwicki, Damian"]
[Result "0-1"]
[WhiteElo "1645"]
[BlackElo "1899"]
[EventDate "2011.??.??"]
[PlyCount "108"]

1.e4 e5 2.Nf3 Nc6 3.Bb5 a6 4.Ba4 Nf6 5.O-O b5 6.Bb3 Bc5 7.Qe2 O-O 8.c3 d6 
9.h3 h6 10.Rd1 Re8 11.d3 Ba7 12.Nbd2 Ne7 13.Nf1 Ng6 14.Ng3 c6 15.a4 d5 16.
Nh2 Qc7 17.Ng4 Nxg4 18.hxg4 Be6 19.Bc2 Rad8 20.b3 Bc5 21.Nf5 Bb6 22.g3 f6 
23.Kg2 c5 24.c4 dxe4 25.dxe4 Rxd1 26.Bxd1 bxc4 27.bxc4 Bxf5 28.gxf5 Ne7 
29.Qg4 Kf8 30.Qh4 Ng8 31.Bh5 Rd8 32.Be3 Ba5 33.Ra2 Rb8 34.Qh1 Bc3 35.Qc1 
Bd4 36.Bd2 Qb7 37.Bf3 Qb3 38.Qc2 Ne7 39.Bd1 Qxc2 40.Bxc2 Nc6 41.Bd1 Ke7 
42.f4 Rb1 43.Be2 Nb4 44.Bxb4 cxb4 45.c5 b3 46.Rd2 b2 47.Bd3 Rg1+ 48.Kf3 
b1=Q 49.Bxb1 Rxb1 50.c6 Rc1 51.fxe5 fxe5 52.g4 Rc3+ 53.Ke2 Rxc6 54.g5 hxg5
0-1

[Event "Rewal 2011 - Open B"]
[Site "Rewal"]
[Date "2011.08.26"]
[Round "7.14"]
[White "Popiol, Michal"]
[Black "Luka, Krzysztof"]
[Result "1/2-1/2"]
[WhiteElo "1821"]
[BlackElo "1873"]
[EventDate "2011.??.??"]
[PlyCount "60"]

1.d4 g6 2.c4 d6 3.Nc3 Nf6 4.e4 Bg7 5.Be2 Nbd7 6.Bg5 e5 7.d5 h6 8.Be3 a5 9.
Qd2 Nc5 10.f3 Nfd7 11.O-O-O f5 12.exf5 gxf5 13.f4 O-O 14.fxe5 Nxe5 15.Bxh6
Ncd3+ 16.Bxd3 Nxd3+ 17.Qxd3 Bxh6+ 18.Kb1 f4 19.Ka1 Bf5 20.Qf1 Qf6 21.Nf3 
Rae8 22.Qf2 Re3 23.Ne2 a4 24.Ned4 Bh7 25.a3 c5 26.dxc6 bxc6 27.Ka2 Bd3 28.
Rxd3 Rxd3 29.Nxc6 Bg7 30.Re1 Re3 1/2-1/2

[Event "Rewal 2011 - Open B"]
[Site "Rewal"]
[Date "2011.08.26"]
[Round "7.15"]
[White "Grzesik, Norbert"]
[Black "Zurkowski, Andrzej"]
[Result "0-1"]
[WhiteElo "1901"]
[BlackElo "2092"]
[EventDate "2011.??.??"]
[PlyCount "80"]

1.e4 d5 2.exd5 Qxd5 3.Nf3 Nf6 4.d4 Bg4 5.Be2 e6 6.O-O Nc6 7.c4 Qd7 8.Be3 
O-O-O 9.Qb3 Bd6 10.Nc3 Na5 11.Qb5 Qxb5 12.Nxb5 Nc6 13.Rfd1 Be7 14.a3 Rd7 
15.h3 Bh5 16.Nc3 Rhd8 17.g4 Bg6 18.b4 Ne4 19.Na4 Bf6 20.Ne5 Nxe5 21.dxe5 
Bxe5 22.Rxd7 Rxd7 23.Rd1 a6 24.Rxd7 Kxd7 25.Bd3 Nd6 26.Nc5+ Kc8 27.Be2 Bb2
28.a4 Ba3 29.b5 axb5 30.axb5 Bc2 31.Kf1 g6 32.Ke1 Bb4+ 33.Kf1 Bc3 34.Kg2 
e5 35.g5 e4 36.Bg4+ Nf5 37.f3 exf3+ 38.Kxf3 Bd1+ 39.Kf2 Bxg4 40.hxg4 Nd6 
0-1

[Event "Rewal 2011 - Open B"]
[Site "Rewal"]
[Date "2011.08.26"]
[Round "7.16"]
[White "Skomial, Mateusz"]
[Black "Borawski, Jakub"]
[Result "1/2-1/2"]
[WhiteElo "2068"]
[BlackElo "1897"]
[EventDate "2011.??.??"]
[PlyCount "83"]

1.e4 e5 2.Nf3 Nc6 3.Bb5 a6 4.Ba4 Nf6 5.O-O Be7 6.Re1 d6 7.c3 b5 8.Bb3 O-O 
9.d4 Bg4 10.d5 Na5 11.Bc2 c6 12.dxc6 Qc7 13.Bg5 Nc4 14.Qc1 Qxc6 15.Nbd2 
Rfe8 16.Nxc4 bxc4 17.Qe3 Rab8 18.b4 Bc8 19.a4 h6 20.Bxf6 Bxf6 21.Reb1 Bd8 
22.a5 Re6 23.Qe2 Rg6 24.Nd2 Be6 25.Nf1 f5 26.f3 f4 27.Kh1 Rg5 28.Ba4 Qc7 
29.Bd1 Qa7 30.Nd2 Bh3 31.Nxc4 Bxg2+ 32.Qxg2 Rxg2 33.Kxg2 Qe7 34.Bb3 Kh7 
35.Kh1 Bc7 36.Rd1 Rd8 37.Ra2 g5 38.b5 axb5 39.Nb6 Bb8 40.Nd5 Qf7 41.Rb1 
Bc7 42.Bd1 1/2-1/2

[Event "Rewal 2011 - Open B"]
[Site "Rewal"]
[Date "2011.08.26"]
[Round "7.17"]
[White "Jagodzinski, Waldemar"]
[Black "Zhuk, Ilya"]
[Result "1/2-1/2"]
[WhiteElo "2029"]
[BlackElo "1889"]
[EventDate "2011.??.??"]
[PlyCount "68"]

1.d4 Nf6 2.Nf3 g6 3.c4 Bg7 4.Nc3 d6 5.e4 O-O 6.Be2 Nbd7 7.O-O c6 8.d5 Nc5 
9.Qc2 cxd5 10.cxd5 Bd7 11.Nd2 Rc8 12.a4 Qa5 13.Nb3 Qb4 14.Nxc5 Rxc5 15.Be3
Rc7 16.f3 Rfc8 17.Qd2 Ne8 18.Rfc1 Bxc3 19.Rxc3 Rxc3 20.bxc3 Qxc3 21.Qxc3 
Rxc3 22.Bxa7 Rb3 23.a5 Nc7 24.Bb6 Nb5 25.Rc1 Nc3 26.Bf1 Rb1 27.Rxb1 Nxb1 
28.Kf2 Nc3 29.Ke3 Kf8 30.Kd2 Na4 31.Bd4 e5 32.Be3 f5 33.Be2 Nc5 34.Kc3 Na6
1/2-1/2

[Event "Rewal 2011 - Open B"]
[Site "Rewal"]
[Date "2011.08.26"]
[Round "7.18"]
[White "Graczyk, Damian"]
[Black "Faron, Rafal"]
[Result "1-0"]
[WhiteElo "1991"]
[BlackElo "1816"]
[EventDate "2011.??.??"]
[PlyCount "71"]

1.d4 f5 2.Nf3 Nf6 3.Bg5 e6 4.Nbd2 d5 5.e3 Be7 6.Bxf6 Bxf6 7.c4 c6 8.Be2 
O-O 9.O-O Bd7 10.b4 Be8 11.b5 g5 12.Qb3 h5 13.cxd5 cxd5 14.Rfc1 Nd7 15.Rc2
g4 16.Ne1 Bg6 17.Nd3 Bg5 18.Nf4 Bxf4 19.exf4 Qb6 20.Qe3 Rac8 21.Rac1 Rxc2 
22.Rxc2 Qd6 23.Nb3 a6 24.g3 h4 25.Bd3 hxg3 26.hxg3 Bf7 27.Nc5 Nxc5 28.dxc5
Qc7 29.bxa6 bxa6 30.c6 a5 31.a4 Rb8 32.Qe5 Rc8 33.Qf6 Qb6 34.Bb5 Rc7 35.
Kg2 Rc8 36.Rc1 1-0

[Event "Rewal 2011 - Open B"]
[Site "Rewal"]
[Date "2011.08.26"]
[Round "7.19"]
[White "Karpacz, Piotr"]
[Black "Jacel, Lukasz"]
[Result "1/2-1/2"]
[WhiteElo "1739"]
[BlackElo "1979"]
[EventDate "2011.??.??"]
[PlyCount "42"]

1.d4 Nf6 2.c4 e6 3.Nc3 Bb4 4.e3 Ne4 5.Bd2 Bxc3 6.Bxc3 Nxc3 7.bxc3 f5 8.Nf3
O-O 9.Be2 d6 10.O-O b6 11.Qb3 Qe7 12.Nd2 Bb7 13.Bf3 Bxf3 14.Nxf3 g5 15.Ne1
Nc6 16.c5 Na5 17.Qb4 Rf6 18.Nd3 dxc5 19.dxc5 Nc6 20.Qc4 Na5 21.Qb4 Nc6 
1/2-1/2

[Event "Rewal 2011 - Open B"]
[Site "Rewal"]
[Date "2011.08.26"]
[Round "7.21"]
[White "Smal, Tobiasz"]
[Black "Blasiak, Miroslaw"]
[Result "1/2-1/2"]
[WhiteElo "1711"]
[BlackElo "1961"]
[EventDate "2011.??.??"]
[PlyCount "69"]

1.e4 e5 2.Nf3 Nc6 3.d4 exd4 4.Bc4 Nf6 5.O-O Nxe4 6.Re1 d5 7.Bxd5 Qxd5 8.
Nc3 Qa5 9.Nxe4 Be6 10.Neg5 O-O-O 11.Nxe6 fxe6 12.Rxe6 Bd6 13.Bg5 Rde8 14.
Qe1 Qxe1+ 15.Raxe1 Kd7 16.Rxe8 Rxe8 17.Rxe8 Kxe8 18.Kf1 h6 19.Bd2 Kf7 20.
Ke2 Ke6 21.Kd3 Kd5 22.Nxd4 Ne5+ 23.Kc3 a5 24.Be3 Nc4 25.b3 Nxe3 26.fxe3 
Ke4 27.Kd2 Bxh2 28.Ne6 b6 29.Nxg7 Bg1 30.Ne8 Bxe3+ 31.Ke2 Bf4 32.Nf6+ Ke5 
33.Kf3 Bg5 34.Ne4 Be7 35.Ke3 1/2-1/2

[Event "Rewal 2011 - Open B"]
[Site "Rewal"]
[Date "2011.08.26"]
[Round "7.22"]
[White "Tomczak, Mikolaj"]
[Black "Zielinski, Olgierd"]
[Result "1-0"]
[WhiteElo "1693"]
[BlackElo "1943"]
[EventDate "2011.??.??"]
[PlyCount "39"]

1.e4 d5 2.exd5 Qxd5 3.Nc3 Qd6 4.d4 Nf6 5.Bc4 a6 6.Nge2 Qc6 7.Qd3 Qxg2 8.
Rg1 Qh3 9.Rg3 Qf5 10.Qd1 Ne4 11.Nxe4 Qxe4 12.Bf4 Qc6 13.Bb3 Bf5 14.d5 Qd7 
15.Nd4 c6 16.Qf3 Bg6 17.O-O-O c5 18.Ne6 fxe6 19.dxe6 Qc6 20.Bc7 1-0

[Event "Rewal 2011 - Open B"]
[Site "Rewal"]
[Date "2011.08.26"]
[Round "7.23"]
[White "Szmer, Aleksander"]
[Black "Swiech, Piotr"]
[Result "0-1"]
[WhiteElo "1618"]
[BlackElo "1929"]
[EventDate "2011.??.??"]
[PlyCount "94"]

1.e4 e6 2.d4 d5 3.Nc3 Bb4 4.e5 c5 5.a3 Bxc3+ 6.bxc3 Ne7 7.Qg4 Qc7 8.Bd2 
cxd4 9.cxd4 Qxc2 10.Rc1 Qe4+ 11.Qxe4 dxe4 12.g4 Nbc6 13.Ne2 O-O 14.Bg2 Rd8
15.Be3 Nd5 16.Bxe4 Nce7 17.O-O Bd7 18.Bg5 f6 19.Bh4 Rac8 20.g5 f5 21.Bg2 
Bb5 22.Bf3 Bxe2 23.Bxe2 Ng6 24.Bg3 f4 25.Bg4 Kf7 26.h4 Rxc1 27.Rxc1 fxg3 
28.fxg3 Rd7 29.h5 Nf8 30.Bf3 b6 31.Be4 Ne3 32.Re1 Nc4 33.Rf1+ Ke7 34.g6 
hxg6 35.hxg6 Rxd4 36.Rf7+ Ke8 37.Bc6+ Nd7 38.Rxg7 Nxe5 39.Bb5 Rd5 40.a4 a6
41.Bxa6 Kf8 42.Rh7 Nxg6 43.Bc4 Rd1+ 44.Kf2 Nc5 45.a5 bxa5 46.Rc7 Ne4+ 47.
Ke3 Re1+ 0-1

[Event "Rewal 2011 - Open B"]
[Site "Rewal"]
[Date "2011.08.26"]
[Round "7.25"]
[White "Miechowicz, Witold"]
[Black "Sowa, Martyna"]
[Result "1-0"]
[WhiteElo "1916"]
[BlackElo "1720"]
[EventDate "2011.??.??"]
[PlyCount "97"]

1.e4 c5 2.Nf3 e6 3.c3 Nf6 4.e5 Nd5 5.Bc4 d6 6.d4 cxd4 7.cxd4 Be7 8.a3 Bd7 
9.Nc3 Nxc3 10.bxc3 Qc7 11.Qb3 Nc6 12.exd6 Bxd6 13.Bd3 O-O 14.Bd2 Rfe8 15.
Qc2 h6 16.O-O Rac8 17.Rfe1 e5 18.h3 exd4 19.cxd4 Bf4 20.Re4 Bxd2 21.Qxd2 
Na5 22.Rae1 Rxe4 23.Bxe4 Nc4 24.Qb4 b5 25.Bd5 Re8 26.Re7 Nd6 27.Qe1 Kf8 
28.Rxe8+ Bxe8 29.Ne5 a6 30.Nd3 Qe7 31.Qc3 Ne4 32.Qc8 Nf6 33.Bc6 Qxa3 34.
Bxe8 Nxe8 35.Qc5+ Qxc5 36.Nxc5 a5 37.Kf1 Ke7 38.Ke2 a4 39.Kd3 Kd6 40.Kc3 
Kd5 41.Nd3 Nd6 42.Nb4+ Ke4 43.Nd3 Nf5 44.f3+ Ke3 45.d5 Nd6 46.Nc5 Kf2 47.
Ne4+ Kxg2 48.Nxd6 Kxf3 49.Nxb5 1-0

[Event "Rewal 2011 - Open B"]
[Site "Rewal"]
[Date "2011.08.26"]
[Round "7.26"]
[White "Szusterowski, Przemyslaw"]
[Black "Wacior, Maciej"]
[Result "1-0"]
[WhiteElo "1916"]
[BlackElo "1664"]
[EventDate "2011.??.??"]
[PlyCount "59"]

1.d4 Nf6 2.Nf3 g6 3.b3 Bg7 4.Bb2 O-O 5.c4 d6 6.e3 c5 7.Be2 Bf5 8.O-O Nc6 
9.Nc3 Ne4 10.Rc1 Nb4 11.Nxe4 Bxe4 12.a3 Nc6 13.Qd2 Qb6 14.d5 Bxb2 15.Qxb2 
Bxf3 16.Bxf3 Ne5 17.Be2 Qc7 18.f4 Nd7 19.e4 a5 20.Rf3 Qb6 21.Rh3 Qd8 22.
Rcc3 f5 23.exf5 Rxf5 24.Rxh7 Kxh7 25.Rh3+ Rh5 26.Bxh5 gxh5 27.Rxh5+ Kg6 
28.Rg5+ Kf7 29.Qg7+ Ke8 30.Qg6+ 1-0

[Event "Rewal 2011 - Open B"]
[Site "Rewal"]
[Date "2011.08.26"]
[Round "7.27"]
[White "Szolc, Grzegorz"]
[Black "Sroka, Janusz"]
[Result "0-1"]
[WhiteElo "1760"]
[BlackElo "2088"]
[EventDate "2011.??.??"]
[PlyCount "76"]

1.e4 e5 2.Nf3 d6 3.d4 exd4 4.Nxd4 Nf6 5.Nc3 Be7 6.Be2 O-O 7.O-O c5 8.Nb3 
Nc6 9.f4 Re8 10.Be3 Bf8 11.Bf3 Be6 12.g4 a5 13.g5 Nd7 14.Nc1 Nb6 15.b3 g6 
16.N1e2 Bh3 17.Rf2 a4 18.Rb1 axb3 19.axb3 Nb4 20.Na4 Nxa4 21.bxa4 Bd7 22.
c3 Bxa4 23.Qd2 Nc2 24.Rxb7 Nxe3 25.Qxe3 Bc6 26.Rb1 Ra3 27.Rd1 Qa5 28.Rc1 
d5 29.e5 d4 30.Qd2 dxc3 31.Nxc3 Rd8 32.Qc2 Bxf3 33.Rxf3 Qb4 34.Kg2 Rd4 35.
Kg3 h5 36.Ne2 Rd2 37.Qc4 Qxc4 38.Rxc4 Raa2 0-1

[Event "Rewal 2011 - Open B"]
[Site "Rewal"]
[Date "2011.08.26"]
[Round "7.28"]
[White "Mazur, Anna"]
[Black "Poswiatowski, Michal"]
[Result "0-1"]
[WhiteElo "1666"]
[BlackElo "1971"]
[EventDate "2011.??.??"]
[PlyCount "54"]

1.e4 c5 2.Nf3 d6 3.d4 cxd4 4.Nxd4 Nf6 5.Nc3 Bd7 6.Be2 g6 7.O-O Bg7 8.Be3 
O-O 9.f4 Nc6 10.f5 Ne5 11.Bf4 Qb6 12.Kh1 Qxb2 13.Qd2 Rac8 14.Nd5 Nxd5 15.
exd5 Nc4 16.Bxc4 Rxc4 17.c3 Qxd2 18.Bxd2 Bxd4 19.cxd4 Bxf5 20.Rfe1 Rxd4 
21.Bc3 Rc4 22.Bb2 Be4 23.Rac1 Rfc8 24.h3 f5 25.Red1 Rc2 26.Rxc2 Rxc2 27.
Ba3 Rxg2 0-1

[Event "Rewal 2011 - Open B"]
[Site "Rewal"]
[Date "2011.08.26"]
[Round "7.29"]
[White "Kowalski, Maciej"]
[Black "Przytula, Grzegorz"]
[Result "1/2-1/2"]
[WhiteElo "1720"]
[BlackElo "1955"]
[EventDate "2011.??.??"]
[PlyCount "45"]

1.e4 e5 2.Nf3 d5 3.exd5 e4 4.Qe2 Nf6 5.d3 Qxd5 6.Nbd2 Bf5 7.dxe4 Bxe4 8.
Ng5 Qxg5 9.Nxe4 Qe5 10.Nxf6+ gxf6 11.Bf4 Bb4+ 12.c3 Qxe2+ 13.Bxe2 Ba5 14.
O-O-O Nd7 15.Bg4 Ne5 16.Rhe1 O-O 17.Bxe5 fxe5 18.Rxe5 Bb6 19.f3 Rfe8 20.
Rde1 Rxe5 21.Rxe5 Bg1 22.Bf5 Bxh2 23.Re4 1/2-1/2

[Event "Rewal 2011 - Open B"]
[Site "Rewal"]
[Date "2011.08.26"]
[Round "7.30"]
[White "Starczewska, Dominika"]
[Black "Gabryjalowicz, Jakub"]
[Result "1/2-1/2"]
[WhiteElo "1909"]
[BlackElo "1749"]
[EventDate "2011.??.??"]
[PlyCount "41"]

1.e4 d5 2.exd5 Nf6 3.d4 Nxd5 4.c4 Nb6 5.Nc3 e5 6.Be3 exd4 7.Qxd4 Qxd4 8.
Bxd4 Nc6 9.Nf3 Bg4 10.Bxb6 axb6 11.Be2 O-O-O 12.O-O g6 13.h3 Be6 14.Ng5 
Nd4 15.Nxe6 Nxe6 16.Rad1 Bg7 17.Bf3 c6 18.Ne4 Kc7 19.b3 f5 20.Ng3 Rhe8 21.
Rfe1 1/2-1/2

[Event "Rewal 2011 - Open B"]
[Site "Rewal"]
[Date "2011.08.26"]
[Round "7.31"]
[White "Adamczyk, Piotr"]
[Black "Lizak, Jakub"]
[Result "0-1"]
[WhiteElo "1889"]
[BlackElo "1772"]
[EventDate "2011.??.??"]
[PlyCount "96"]

1.e4 c5 2.Nf3 Nc6 3.c3 d5 4.exd5 Qxd5 5.Be2 e5 6.O-O Nf6 7.Re1 Be7 8.d3 
O-O 9.c4 Qd6 10.Nc3 h6 11.Nb5 Qb8 12.Be3 Bf5 13.Qb3 g5 14.h3 Rd8 15.Rad1 
Bg6 16.Nh2 Ne8 17.g4 Nc7 18.Nc3 Bd6 19.Ne4 Nd4 20.Bxd4 exd4 21.Nxd6 Rxd6 
22.f4 Rb6 23.Qc2 gxf4 24.Bf3 Ne6 25.h4 Qd6 26.b3 Kh8 27.Bd5 Rg8 28.Rd2 h5 
29.Bf3 Ng7 30.Rg2 Qf6 31.Qf2 Bxd3 32.gxh5 Bf5 33.Kh1 Re6 34.Reg1 Ree8 35.
h6 Ne6 36.Bxb7 Qxh6 37.Ng4 Bxg4 38.Rxg4 Rxg4 39.Rxg4 Rg8 40.Rxg8+ Kxg8 41.
Be4 Qf6 42.a3 a5 43.Kh2 Ng7 44.Bf3 Nf5 45.Qg2+ Kf8 46.Qg5 Qxg5 47.hxg5 d3 
48.Kh3 Ne3 0-1

[Event "Rewal 2011 - Open B"]
[Site "Rewal"]
[Date "2011.08.26"]
[Round "7.32"]
[White "Graczyk, Natalia"]
[Black "Cyboran, Katarzyna"]
[Result "1/2-1/2"]
[WhiteElo "1672"]
[BlackElo "1869"]
[EventDate "2011.??.??"]
[PlyCount "60"]

1.e4 c5 2.Nf3 Nc6 3.d4 cxd4 4.Nxd4 d5 5.Nxc6 bxc6 6.exd5 Qxd5 7.Qxd5 cxd5 
8.Bb5+ Bd7 9.Bxd7+ Kxd7 10.O-O e5 11.Rd1 Ke6 12.Nd2 Rc8 13.c3 f6 14.Nb3 
Bd6 15.Be3 a6 16.Re1 g5 17.g3 Ne7 18.Rad1 h5 19.f3 Rhg8 20.Kf2 f5 21.f4 
gxf4 22.Bxf4 Nc6 23.Re2 e4 24.Bxd6 Kxd6 25.Red2 Ne7 26.Nd4 h4 27.Ne2 Ke5 
28.Nf4 Rcd8 29.Rd4 hxg3+ 30.hxg3 Rh8 1/2-1/2

[Event "Rewal 2011 - Open B"]
[Site "Rewal"]
[Date "2011.08.26"]
[Round "7.34"]
[White "Kuspak, Aleksander"]
[Black "Beczala, Pawel"]
[Result "1-0"]
[WhiteElo "1862"]
[BlackElo "1730"]
[EventDate "2011.??.??"]
[PlyCount "49"]

1.e4 c5 2.Nf3 Nc6 3.Nc3 e6 4.d4 cxd4 5.Nxd4 Nf6 6.Nxc6 bxc6 7.Bd3 d5 8.
exd5 exd5 9.O-O Be6 10.f4 d4 11.f5 Bc8 12.Ne4 Nxe4 13.Bxe4 Qf6 14.Qf3 Bd7 
15.Bf4 Be7 16.Qg3 O-O 17.Rae1 Rad8 18.Bd3 c5 19.Rxe7 Qxe7 20.Re1 Qf6 21.
Bg5 Qb6 22.f6 g6 23.Qh4 Kh8 24.Qh6 Rg8 25.Re4 1-0

[Event "Rewal 2011 - Open B"]
[Site "Rewal"]
[Date "2011.08.26"]
[Round "7.35"]
[White "Trepkowski, Piotr"]
[Black "Klimek, Piotr"]
[Result "1/2-1/2"]
[WhiteElo "1838"]
[BlackElo "1699"]
[EventDate "2011.??.??"]
[PlyCount "76"]

1.e4 e6 2.d4 d5 3.Nd2 dxe4 4.Nxe4 Nd7 5.Nf3 Ngf6 6.Nc3 Be7 7.Bd3 O-O 8.O-O
b6 9.h3 Bb7 10.Re1 c5 11.Bf4 a6 12.Qe2 Re8 13.Rad1 Nd5 14.Bh2 Qc8 15.Ne4 
N7f6 16.Nxf6+ Bxf6 17.c4 Nb4 18.Ne5 Nxd3 19.Rxd3 cxd4 20.Ng4 Qd8 21.Nxf6+ 
gxf6 22.Qh5 Kh8 23.Qxf7 Qe7 24.Qxe7 Rxe7 25.Rxd4 b5 26.c5 Rg7 27.g4 Bd5 
28.b3 Rc8 29.Bd6 h5 30.Kf1 hxg4 31.hxg4 Kg8 32.Re3 Kf7 33.a4 Rgg8 34.f3 
Ra8 35.Kf2 Rh8 36.Rf4 Rag8 37.Be5 Rh6 38.g5 Rxg5 1/2-1/2

[Event "Rewal 2011 - Open B"]
[Site "Rewal"]
[Date "2011.08.26"]
[Round "7.36"]
[White "Miczek, Szczepan"]
[Black "Zhuk, Ivan"]
[Result "1/2-1/2"]
[WhiteElo "1823"]
[BlackElo "1584"]
[EventDate "2011.??.??"]
[PlyCount "93"]

1.e4 e6 2.d4 d5 3.exd5 exd5 4.c4 Nf6 5.Nc3 Bb4 6.a3 Bxc3+ 7.bxc3 O-O 8.Nf3
Bg4 9.cxd5 Qxd5 10.Be2 Re8 11.O-O Nbd7 12.h3 Bh5 13.Bf4 Qe4 14.Be3 Nd5 15.
Bd3 Nxe3 16.Bxe4 Nxd1 17.Bxb7 Rab8 18.Bc6 Nxc3 19.Bxd7 Red8 20.Ne5 Ne2+ 
21.Kh2 Nxd4 22.g4 Bg6 23.Rfd1 c5 24.Rac1 f6 25.Nc6 Nxc6 26.Bxc6 Rxd1 27.
Rxd1 Rb2 28.Kg2 c4 29.Bd5+ Bf7 30.Bxf7+ Kxf7 31.Rc1 Rb3 32.Rxc4 Rxa3 33.
Rc7+ Kg6 34.f3 a5 35.Kg3 Ra1 36.Ra7 a4 37.Kf4 Kh6 38.h4 Kg6 39.Ke4 a3 40.
Kf4 h6 41.h5+ Kh7 42.Kf5 a2 43.f4 Re1 44.Rxa2 Re7 45.Ra6 Re2 46.Re6 Ra2 
47.Re7 1/2-1/2

[Event "Rewal 2011 - Open B"]
[Site "Rewal"]
[Date "2011.08.26"]
[Round "7.37"]
[White "Krzysztofiak, Zdzislaw"]
[Black "Szczecina, Kamil"]
[Result "1/2-1/2"]
[WhiteElo "1656"]
[BlackElo "1779"]
[EventDate "2011.??.??"]
[PlyCount "49"]

1.e4 c5 2.Nf3 e6 3.d4 cxd4 4.Nxd4 a6 5.Nc3 Qc7 6.Bd3 Nf6 7.O-O Be7 8.Bg5 
O-O 9.Re1 d6 10.Kh1 h6 11.Bh4 b5 12.Bg3 Nbd7 13.f4 Bb7 14.e5 Nd5 15.Nxd5 
Bxd5 16.Nf3 dxe5 17.Nxe5 Nxe5 18.fxe5 Qb7 19.Qe2 Rad8 20.a4 bxa4 21.Rxa4 
Qxb2 22.Rxa6 Ra8 23.Rf1 Rxa6 24.Bxa6 Qc3 25.Bd3 1/2-1/2

[Event "Rewal 2011 - Open B"]
[Site "Rewal"]
[Date "2011.08.26"]
[Round "7.38"]
[White "Borowicz, Miroslaw"]
[Black "Bilczewski, Kacper"]
[Result "0-1"]
[WhiteElo "1776"]
[BlackElo "1531"]
[EventDate "2011.??.??"]
[PlyCount "102"]

1.d4 d5 2.c4 e6 3.Nc3 Nf6 4.Bg5 Nbd7 5.e3 c6 6.Nf3 Qa5 7.Bxf6 Nxf6 8.Nd2 
Bb4 9.Qc2 O-O 10.Bd3 dxc4 11.Nxc4 Qc7 12.O-O h6 13.Rac1 Qe7 14.Qe2 Nd5 15.
a3 Nxc3 16.bxc3 Bxa3 17.Ra1 Bd6 18.Nb6 Rb8 19.Rxa7 Qc7 20.Rb1 Bxh2+ 21.Kh1
Bd6 22.Ba6 bxa6 23.Rxc7 Bxc7 24.c4 Rxb6 25.Rxb6 Bxb6 26.Qb2 Bc7 27.Qb4 Bd7
28.g3 a5 29.Qb7 Rc8 30.c5 Kf8 31.e4 Ke7 32.d5 exd5 33.exd5 cxd5 34.Kh2 Be6
35.Kg2 g6 36.f4 h5 37.Kf2 a4 38.Qb4 Bd7 39.Ke3 Bc6 40.Kd4 Rb8 41.Qe1+ Kd7 
42.Qf2 a3 43.Qa2 Ra8 44.Kc3 Ra5 45.Kb3 Rb5+ 46.Kc3 Rxc5+ 47.Kd3 Ra5 48.Kd4
Ra4+ 49.Kd3 Bb5+ 50.Ke3 Bc4 51.Qc2 Ra6 0-1

[Event "Rewal 2011 - Open B"]
[Site "Rewal"]
[Date "2011.08.26"]
[Round "7.40"]
[White "Drela, Michal"]
[Black "Knap, Jerzy"]
[Result "1-0"]
[WhiteElo "1459"]
[BlackElo "1913"]
[EventDate "2011.??.??"]
[PlyCount "63"]

1.e4 c6 2.d4 d5 3.exd5 cxd5 4.Nf3 Nc6 5.Bd3 Nf6 6.c3 e6 7.Bf4 Bd6 8.Bxd6 
Qxd6 9.O-O O-O 10.Re1 Qf4 11.Nbd2 Bd7 12.Qc2 Rac8 13.a3 Ne7 14.Ne5 Bc6 15.
Ndf3 Ng6 16.h3 Nd7 17.Nxc6 Rxc6 18.Bb5 Rc7 19.Qa4 Nf6 20.Qxa7 Ne4 21.Bd3 
Nd2 22.Nxd2 Qxd2 23.Qb6 Rfc8 24.Rad1 Qg5 25.Bxg6 hxg6 26.Re5 Qf4 27.Rde1 
Qd2 28.R5e3 Rd7 29.Qb3 Rc6 30.a4 Rdd6 31.a5 f5 32.Rd1 1-0

[Event "Rewal 2011 - Open B"]
[Site "Rewal"]
[Date "2011.08.26"]
[Round "7.41"]
[White "Duda, Ryszard"]
[Black "Cyra, Dariusz"]
[Result "0-1"]
[WhiteElo "1760"]
[BlackElo "1830"]
[EventDate "2011.??.??"]
[PlyCount "114"]

1.e4 e6 2.d4 d5 3.Nd2 c5 4.Ngf3 Nc6 5.c3 cxd4 6.cxd4 Bb4 7.e5 Nge7 8.Bb5 
O-O 9.O-O Bxd2 10.Bxd2 Qb6 11.Bxc6 Nxc6 12.Bc3 Bd7 13.Qd2 a5 14.Ne1 a4 15.
Nc2 Rfc8 16.Rfc1 h6 17.h3 Na7 18.Na3 Bb5 19.Ba5 Qa6 20.Nxb5 Qxb5 21.Bc3 
Nc6 22.a3 Qc4 23.f4 b6 24.Rf1 Na7 25.f5 exf5 26.Rxf5 Nb5 27.Rf3 Rc6 28.
Raf1 Ra7 29.Qf2 Rcc7 30.Kh2 Qa2 31.Qd2 Qc4 32.R1f2 Rd7 33.Rg3 Kh8 34.e6 
Re7 35.exf7 Rxf7 36.Rgf3 Rxf3 37.Rxf3 Qc7+ 38.Kh1 Ra8 39.Qf2 Nd6 40.Qg3 
Qd7 41.Qg4 Kg8 42.Bd2 Re8 43.Bxh6 Re1+ 44.Kh2 Qxg4 45.hxg4 gxh6 46.Rf6 Nc4
47.Rxh6 Re4 48.Kg3 Rxd4 49.Kh4 Kg7 50.Re6 Re4 51.Rc6 Rxg4+ 52.Kxg4 Ne5+ 
53.Kf5 Nxc6 54.g3 Kf7 55.g4 Kg7 56.g5 d4 57.Ke4 Kg6 0-1

[Event "Rewal 2011 - Open B"]
[Site "Rewal"]
[Date "2011.08.26"]
[Round "7.42"]
[White "Poswiatowski, Stanislaw"]
[Black "Klimek, Marcin"]
[Result "1/2-1/2"]
[WhiteElo "1718"]
[BlackElo "1827"]
[EventDate "2011.??.??"]
[PlyCount "63"]

1.d4 e6 2.Nf3 f5 3.Bf4 Nf6 4.c4 b6 5.g3 Bb7 6.Bg2 Bb4+ 7.Nc3 O-O 8.O-O 
Bxc3 9.bxc3 d6 10.Qb3 Qe7 11.Bg5 Nbd7 12.Rfe1 h6 13.Bc1 Ne4 14.a4 Ndf6 15.
a5 g5 16.Nd2 Nxd2 17.Bxd2 Bxg2 18.Kxg2 Ne4 19.Bc1 f4 20.Qc2 d5 21.f3 Nd6 
22.Qg6+ Qg7 23.Qxe6+ Kh8 24.Qxd5 Rad8 25.Qc6 Rf6 26.Qa4 fxg3 27.hxg3 g4 
28.Be3 Re8 29.Bf2 Rxe2 30.f4 Qe7 31.Rxe2 Qxe2 32.Re1 1/2-1/2

[Event "Rewal 2011 - Open B"]
[Site "Rewal"]
[Date "2011.08.26"]
[Round "7.43"]
[White "Kiolbasa, Oliwia"]
[Black "Bregoszewski, Leon"]
[Result "1/2-1/2"]
[WhiteElo "1701"]
[BlackElo "1821"]
[EventDate "2011.??.??"]
[PlyCount "65"]

1.e4 c5 2.Nf3 Nc6 3.d4 cxd4 4.Nxd4 e6 5.Nc3 a6 6.Nxc6 bxc6 7.Bd3 g6 8.O-O 
Bg7 9.Qe2 d6 10.Rd1 Qc7 11.a4 Ne7 12.a5 O-O 13.Be3 Bb7 14.Bb6 Qc8 15.Be3 
c5 16.Na4 Qc7 17.Nb6 Ra7 18.Rab1 d5 19.exd5 exd5 20.c3 Qc6 21.f3 Nc8 22.
Qf2 Nxb6 23.axb6 Raa8 24.Bxc5 Rfc8 25.Be3 Re8 26.Ra1 Re6 27.Re1 a5 28.Qd2 
a4 29.Bf2 Qd6 30.Ra3 d4 31.cxd4 Qxb6 32.Be4 Bxe4 33.Rxe4 1/2-1/2

[Event "Rewal 2011 - Open B"]
[Site "Rewal"]
[Date "2011.08.26"]
[Round "7.45"]
[White "Jasniewicz, Rafal"]
[Black "Murawko, Katarzyna"]
[Result "0-1"]
[WhiteElo "1605"]
[BlackElo "1796"]
[EventDate "2011.??.??"]
[PlyCount "28"]

1.Nf3 c5 2.g3 g6 3.Bg2 Bg7 4.d3 d6 5.O-O Nf6 6.Nc3 Nc6 7.e4 O-O 8.Nh4 Ng4 
9.h3 Nf6 10.f4 e6 11.f5 Nh5 12.Kh2 Be5 13.Ne2 Qxh4 14.Nf4 Qxg3+ 0-1

[Event "Rewal 2011 - Open B"]
[Site "Rewal"]
[Date "2011.08.26"]
[Round "7.46"]
[White "Wielek, Thomas"]
[Black "Zhuk, Dmitriy"]
[Result "0-1"]
[WhiteElo "1787"]
[BlackElo "1610"]
[EventDate "2011.??.??"]
[PlyCount "58"]

1.e4 e6 2.d4 d5 3.e5 c5 4.c3 Qb6 5.a3 Nc6 6.Nf3 a5 7.Bd3 cxd4 8.cxd4 Bd7 
9.Bc2 Nge7 10.Nc3 Nf5 11.Na4 Qc7 12.g4 Nfxd4 13.Nxd4 Nxd4 14.Qxd4 Qxc2 15.
Nc3 Be7 16.O-O f6 17.Re1 O-O 18.Re2 Qb3 19.Bf4 Rac8 20.exf6 Bxf6 21.Be5 
Rc4 22.Qd2 Bxe5 23.Rxe5 Rxg4+ 24.Kh1 d4 25.Qe2 Rgf4 26.Ne4 Bc6 27.Rf1 d3 
28.Qe3 Qc4 29.f3 Bxe4 0-1

[Event "Rewal 2011 - Open B"]
[Site "Rewal"]
[Date "2011.08.26"]
[Round "7.47"]
[White "Jastrzebski, Konrad"]
[Black "Hagner, Pawel"]
[Result "0-1"]
[WhiteElo "1536"]
[BlackElo "1781"]
[EventDate "2011.??.??"]
[PlyCount "78"]

1.e4 g6 2.g3 Bg7 3.Bg2 d6 4.d3 c5 5.Nf3 Nc6 6.O-O e6 7.Re1 Nge7 8.h4 Nd4 
9.Nbd2 O-O 10.c3 Ndc6 11.Nf1 f5 12.h5 gxh5 13.Ng5 Qe8 14.Bf3 Ne5 15.Bxh5 
Qd7 16.f4 N5g6 17.Bxg6 hxg6 18.Nh2 d5 19.e5 d4 20.c4 b5 21.b3 bxc4 22.bxc4
Rb8 23.Nhf3 Bh6 24.Kf2 Kg7 25.Rh1 Rh8 26.Ba3 Qc6 27.Rh4 Bb7 28.Qg1 Bxg5 
29.Nxg5 Rxh4 30.gxh4 Rh8 31.Kg3 Bc8 32.Rb1 a6 33.Rb3 Bd7 34.Qb1 Rxh4 35.
Kxh4 Qg2 36.Qd1 Qh2+ 37.Nh3 g5+ 38.Kxg5 Qg3+ 39.Kh5 Be8# 0-1